Skúšky zváračov. STN 05 0715. EN ISO 9606-5 : Tavné zváranie. Časť 5: Titán a zliatiny titánu, zirkón a zliatiny zirkónu. Október 2002

Gespeichert in:
Bibliographische Detailangaben
Format: Buch
Sprache:Tschechisch
Veröffentlicht: Bratislava : Slovenský ústav technickej normalizácie, 2002
Schlagworte:
Tags: Tag hinzufügen
Keine Tags, Fügen Sie das erste Tag hinzu!

MARC

LEADER 00000nam a22000003a 4500
001 stu83749
005 20150408161500.2
008 040205s2002----xo------------------cze-d
040 |a STU  |b slo 
041 0 |a cze 
044 |a xo 
080 |a 621.791 
245 |a Skúšky zváračov. STN 05 0715. EN ISO 9606-5 :  |b Tavné zváranie. Časť 5: Titán a zliatiny titánu, zirkón a zliatiny zirkónu. Október 2002 
260 |a Bratislava :  |b Slovenský ústav technickej normalizácie,  |c 2002 
300 |a 24 s 
650 7 |a zváranie  |2 stusub 
996 |b 284M058474  |c M*N-927-1  |l MMKN  |s A  |a 24  |w stu83749_0001